[Event "Detroit (RVO/5)"]
[Site "?"]
[Date "1990.??.??"]
[Round "?"]
[White "Wright, William"]
[Black "Finegold, Ron"]
[Result "0-1"]
[WhiteElo "1965"]
[BlackElo "2150"]
[Annotator "Tim McGrew"]
[PlyCount "30"]
[EventDate "1990.??.??"]

1. d4 d5 2. c4 e5 3. dxe5 d4 4. e3 $2 {It has been known for about a century
that this move is a mistake, ever since three opponents in consultation fell
into it against Emmanuel Lasker. Yet the refutation requires precise handling
by Black. Ron Finegold gives us a model game from Black's perspective that
shows exactly how the tactics should be handled.} Bb4+ 5. Bd2 dxe3 6. Bxb4 {
Apparently White is winning a piece for very little trouble.} (6. fxe3 {gives
Black two good options. The complex line runs} Qh4+ 7. g3 Qe4 8. Qf3 Bxd2+ 9.
Nxd2 Qxe5 {regaining the pawn immediately, when White will have difficulties
with his e-pawn later on.}) (6. fxe3 {But a simpler way to handle the position
is} Bxd2+ 7. Qxd2 Qxd2+ $1 8. Nxd2 Nc6 9. Ngf3 Nge7 {Black will castle
queen-side and focus on the doubled, isolated pawns on the e-file, one of
which is almost sure to fall.}) ({In a famous 1899 game, Blumenfeld, Boyarkov
and Falk in consultation chose} 6. Qa4+ {Emmanual Lasker replied with the
natural} Nc6 {but after} 7. Bxb4 {Lasker played the tricky} Qh4 $5 ({which is
pretty effective, but it is simpler just to play} 7... exf2+ 8. Kxf2 Qh4+ 9.
Ke2 Qxc4+ 10. Ke1 Qxb4+ $17 {leaves Black a pawn up in a queenless middlegame.}
)) 6... exf2+ 7. Ke2 {White must keep his king close to the queen.} fxg1=N+ $1
{Here is the trick that makes it all work for Black.} ({The thoughtless} 7...
fxg1=Q $2 {allows} 8. Qxd8+ Kxd8 9. Rxg1 {and there is no skewer on the
diagonal from g4 to d1.}) 8. Ke1 {But what should Black do now? A queen
exchange leaves the knight trapped on g1.} Qh4+ 9. Kd2 (9. g3 $2 Qe4+ {picks
up the rook on h1.}) 9... Nc6 $1 {Now that White's king is on the d-file,
Black plays to castle queen-side with all possible speed. He has two pieces to
clear out of the way, and he develops both of them with threats so that White
never has time to consolidate.} 10. Bc3 Bg4 $1 11. Qe1 O-O-O+ 12. Ke3 {White's
king is very exposed, but as it turns out Black has a different aim here. He
wants to trap White's queen! And that is exactly what happens.} Qg5+ $1 13. Kf2
(13. Ke4 $2 Bf5# {makes a pretty picture.}) 13... Rd1 14. Qe4 Bf5 (14... f5 15.
exf6 Nxf6 16. Bxf6 Qxf6+ {is also very effective.}) 15. Qe3 Rxf1+ $1 {White
must lose the queen and get mated shortly thereafter.} 0-1

[Event "Flint (Class A/4)"]
[Site "?"]
[Date "1990.??.??"]
[Round "?"]
[White "Wright, William"]
[Black "Burg, Dan"]
[Result "1-0"]
[WhiteElo "1915"]
[BlackElo "1840"]
[PlyCount "97"]
[EventDate "1990.??.??"]

1. d4 d5 2. c4 e6 3. Nc3 Nf6 4. Nf3 Be7 5. Bg5 Nbd7 6. e3 O-O 7. Be2 a6 8. O-O
dxc4 9. Bxc4 b5 10. Bd3 Bb7 11. Rc1 c5 12. Rc2 cxd4 13. Nxd4 Rc8 14. Rd2 h6 15.
Bh4 Nd5 16. Bxe7 Qxe7 17. Nxd5 Bxd5 18. a3 e5 19. Nf3 Nf6 20. Bf5 Rcd8 21. Qc1
Rd6 22. Rc2 Rfd8 23. Rc8 Bc4 24. Rd1 Rxd1+ 25. Qxd1 Rxc8 26. Bxc8 Qc7 27. Bxa6
Nd7 28. a4 Bb3 29. Qd2 Bxa4 30. Qc3 Nc5 31. Bb7 Qxb7 32. Qxc5 Qe4 33. Qc1 b4
34. Nd2 Qd3 35. Nc4 f6 36. Nb6 Bb5 37. g4 Qg6 38. Qc8+ Be8 39. Qc4+ Kh7 40.
Qxb4 f5 41. Nd5 fxg4 42. Ne7 Qb1+ 43. Kg2 Qd1 44. Qe4+ Kh8 45. Qf5 h5 46. Kg3
Qg1+ 47. Kh4 Qxh2+ 48. Kg5 g6 49. Qf8+ 1-0

[Event "Lansing (Apr)"]
[Site "?"]
[Date "1990.??.??"]
[Round "?"]
[White "Wright, Eric"]
[Black "Hamilton, S."]
[Result "0-1"]
[WhiteElo "1605"]
[BlackElo "1605"]
[PlyCount "100"]
[EventDate "1990.??.??"]

1. e4 c5 2. f4 d6 3. Nf3 Nc6 4. Bb5 Bd7 5. Bxc6 Bxc6 6. d3 g6 7. O-O Bg7 8. Qe1
Nf6 9. Nc3 O-O 10. Bd2 Re8 11. e5 dxe5 12. fxe5 Nd5 13. Qh4 f6 14. Bh6 Rf8 15.
Ne2 Qb6 16. c4 Nb4 17. Nf4 Bxf3 18. Rxf3 Nc2 19. Raf1 Nd4 20. Rg3 Nf5 21. Qh3
Nxg3 22. hxg3 Bxh6 23. Qxh6 Qxb2 24. Ne6 Rf7 25. g4 Qxe5 26. Nf4 Qe3+ 27. Kh2
e5 28. Rf3 Qd2 29. Kg3 exf4+ 30. Qxf4 Qxf4+ 31. Rxf4 Rd8 32. Rf3 Kg7 33. Kf4
Rfd7 34. Ke4 Rd4+ 35. Ke3 Rxd3+ 36. Ke2 Rxf3 37. Kxf3 Rd2 38. a4 Rc2 39. a5
Rxc4 40. g3 Rd4 41. g5 c4 42. gxf6+ Kxf6 43. Ke3 Rd8 44. g4 c3 45. g5+ Ke5 46.
a6 b6 47. Kf3 c2 48. Kg4 c1=Q 49. Kf3 Rd3+ 50. Kg4 Qf4# 0-1

[Event "Lansing (Apr)"]
[Site "?"]
[Date "1990.??.??"]
[Round "?"]
[White "Wright, Eric"]
[Black "Bates, E."]
[Result "1-0"]
[WhiteElo "1605"]
[BlackElo "1605"]
[PlyCount "63"]
[EventDate "1990.??.??"]

1. e4 e5 2. Bc4 Nf6 3. d3 Be7 4. Nc3 d6 5. f4 c5 6. f5 O-O 7. Nf3 Nc6 8. O-O
Nd4 9. Rb1 a5 10. Nb5 Nxf3+ 11. Rxf3 Bd7 12. Nc3 Bc6 13. Rg3 Kh8 14. Nd5 Bxd5
15. Bxd5 Qb6 16. Kh1 Rg8 17. Bxf7 Rgf8 18. Bh5 Rac8 19. Bg5 c4 20. Bxf6 Rxf6
21. Rg6 hxg6 22. Bxg6 Qe3 23. Qh5+ Qh6 24. Qe2 cxd3 25. Qxd3 Qf4 26. Rf1 Qg5
27. Rf3 Qc1+ 28. Rf1 Rxc2 29. Qb5 Rd2 30. Rg1 Bd8 31. Qe8+ Rf8 32. Qxf8# 1-0

[Event "Detroit (RVO/1)"]
[Site "?"]
[Date "1990.??.??"]
[Round "?"]
[White "Workman, K."]
[Black "Wilson, Vester"]
[Result "0-1"]
[WhiteElo "1605"]
[BlackElo "2060"]
[PlyCount "58"]
[EventDate "1990.??.??"]

1. a3 e5 2. b4 a5 3. b5 Bc5 4. Bb2 Qh4 5. e3 d6 6. d4 exd4 7. Bxd4 Bxd4 8. exd4
Bg4 9. Nf3 Qe7+ 10. Be2 Bxf3 11. gxf3 Nf6 12. Nc3 a4 13. Qd3 d5 14. O-O-O Qxa3+
15. Kd2 O-O 16. Ra1 Qb4 17. Rhb1 Qd6 18. Nxa4 Qxh2 19. Rh1 Qxf2 20. Raf1 Qg3
21. Nc5 Qf4+ 22. Kc3 b6 23. Nb3 Re8 24. Qd2 Re3+ 25. Bd3 c5 26. dxc5 bxc5 27.
Nxc5 Qc4+ 28. Kb2 Qa2+ 29. Kc1 Qa1# 0-1

[Event "Detroit (MOR/5/39)"]
[Site "?"]
[Date "1990.??.??"]
[Round "?"]
[White "Workman, K."]
[Black "Rubel, J."]
[Result "0-1"]
[WhiteElo "1605"]
[BlackElo "1605"]
[PlyCount "84"]
[EventDate "1990.??.??"]

{5/(39)} 1. a3 Nf6 2. b4 e5 3. Nc3 a6 4. e3 Be7 5. Bc4 d5 6. Bb3 O-O 7. d4 e4
8. h3 Bd7 9. Nxd5 Nxd5 10. Bxd5 Bc6 11. Bb3 b6 12. d5 Bb7 13. c4 Bf6 14. Ra2
Qd6 15. Bb2 Nd7 16. Ne2 Bxb2 17. Rxb2 Nf6 18. Ng3 c6 19. Rd2 cxd5 20. cxd5 Rfd8
21. O-O Qe5 22. d6 Rd7 23. Rd4 Rad8 24. Qb1 Rxd6 25. Rxd6 Rxd6 26. Rd1 h6 27.
Bc2 Rxd1+ 28. Qxd1 Qd5 29. Kf1 Qc4+ 30. Ne2 Qa2 31. a4 Bd5 32. Ke1 Qc4 33. Qd2
Kf8 34. Nd4 Qc7 35. Bd1 Qh2 36. f3 Qh1+ 37. Ke2 Bc4+ 38. Qd3 exd3+ 39. Kd2
Qxg2+ 40. Kc3 b5 41. axb5 axb5 42. Bb3 Nd5# 0-1

[Event "Detroit (RVO/5)"]
[Site "?"]
[Date "1990.??.??"]
[Round "?"]
[White "Workman, K."]
[Black "Nissani, E."]
[Result "1-0"]
[WhiteElo "1605"]
[BlackElo "1605"]
[PlyCount "105"]
[EventDate "1990.??.??"]

1. a3 e5 2. e3 d5 3. b4 Nf6 4. Bb2 Bd6 5. d3 O-O 6. Nd2 Bf5 7. Be2 Re8 8. g4
Be6 9. e4 d4 10. h3 b6 11. g5 Nfd7 12. h4 Nf8 13. Bg4 f6 14. Bxe6+ Rxe6 15. Qg4
fxg5 16. hxg5 Rg6 17. Ndf3 Be7 18. Nh3 Nc6 19. O-O-O h6 20. Rdg1 Ne6 21. Qf5
Qe8 22. gxh6 Rxh6 23. Nhg5 Nxg5 24. Rxh6 gxh6 25. Nxg5 Bxg5+ 26. Kb1 Qf7 27.
Bc1 Qxf5 28. exf5 Rf8 29. Bxg5 hxg5 30. Rxg5+ Kf7 31. Rg4 Ne7 32. f4 Kf6 33.
fxe5+ Kxe5 34. Re4+ Kxf5 35. Rxe7 Rc8 36. Kb2 a6 37. c4 c5 38. Rb7 Rc6 39. Kb3
cxb4 40. axb4 Kf4 41. Re7 Rd6 42. c5 bxc5 43. bxc5 Rc6 44. Kc4 a5 45. Re4+ Kf5
46. Rxd4 Ke6 47. Kb5 Rc8 48. c6 Ke7 49. Rd7+ Ke6 50. d4 a4 51. d5+ Ke5 52. Kxa4
Kd4 53. Kb5 1-0

[Event "Detroit (MOR/2/29)"]
[Site "?"]
[Date "1990.??.??"]
[Round "?"]
[White "Workman, K."]
[Black "Falkowski, Kenneth"]
[Result "1-0"]
[WhiteElo "1605"]
[BlackElo "1790"]
[PlyCount "107"]
[EventDate "1990.??.??"]

{2/(29)} 1. a3 Nf6 2. b4 e6 3. Bb2 b5 4. Nc3 Bb7 5. Nxb5 a5 6. Bxf6 gxf6 7. c3
e5 8. c4 axb4 9. axb4 Bxb4 10. f3 c6 11. Nc3 Bxc3 12. dxc3 Qb6 13. e4 Qe3+ 14.
Ne2 Na6 15. Qd6 O-O-O 16. Rd1 Nc5 17. Qd2 Qxd2+ 18. Rxd2 Kc7 19. Ng3 Ra8 20.
Be2 Nb3 21. Rd1 Ra2 22. O-O Rha8 23. Bd3 Ba6 24. Nh5 Rg8 25. Rf2 Rxf2 26. Kxf2
Rg6 27. f4 Rh6 28. Be2 Nc5 29. Ke3 Ne6 30. f5 Nc5 31. g4 d6 32. h4 d5 33. exd5
Bb7 34. g5 fxg5 35. hxg5 Rd6 36. Nf6 Rd8 37. Bf3 Nd7 38. Nxh7 Rh8 39. g6 fxg6
40. fxg6 Rg8 41. Be4 c5 42. Ng5 Bc8 43. Ne6+ Kd6 44. Rf1 Nb6 45. Bd3 Bd7 46.
Rf6 Bxe6 47. Rxe6+ Kc7 48. d6+ Kd7 49. Rf6 Kd8 50. Rf7 Ke8 51. Rb7 Nd7 52. Bf5
Rh8 53. Bxd7+ Kd8 54. Rb8+ 1-0

[Event "Detroit (MOR/1a/28)"]
[Site "?"]
[Date "1990.??.??"]
[Round "?"]
[White "Workman, K."]
[Black "Calton, David A"]
[Result "1-0"]
[WhiteElo "1605"]
[BlackElo "1605"]
[PlyCount "111"]
[EventDate "1990.??.??"]

1. a3 g6 2. b4 Bg7 3. d4 Nc6 4. Bb2 d6 5. e3 e5 6. Bb5 Bd7 7. d5 Nce7 8. Bxd7+
Qxd7 9. e4 f5 10. f3 Nf6 11. Nd2 O-O 12. Qe2 c6 13. O-O-O cxd5 14. exd5 Nexd5
15. Nb3 Rac8 16. Nh3 Qc7 17. Rd2 Rfe8 18. Rhd1 Qc6 19. b5 Qc4 20. Qxc4 Rxc4 21.
Rxd5 Nxd5 22. Rxd5 Rd8 23. Kb1 b6 24. Ng5 Bh6 25. h4 Bxg5 26. hxg5 Kf7 27. Rd3
Ke6 28. Nd2 Rh4 29. g3 Rh3 30. f4 e4 31. Re3 d5 32. Bd4 Rh1+ 33. Kb2 Rd1 34.
Nb3 Rc8 35. c3 Rh1 36. a4 Rh2+ 37. Ka3 Rh1 38. a5 bxa5 39. Bxa7 a4 40. Kxa4 Ra8
41. b6 Kd6 42. Ka5 Rb1 43. Nd4 Ra1+ 44. Kb4 Rb1+ 45. Nb3 Kc6 46. Ka4 Kb7 47. c4
dxc4 48. Na5+ Kc8 49. Nxc4 Kb7 50. Rb3 Ra1+ 51. Kb5 R8xa7 52. bxa7 Rxa7 53.
Kc5+ Kc7 54. Kd5 Kd7 55. Ne5+ Ke7 56. Nc6+ 1-0

[Event "Lansing (Mini-Swiss.5/3)"]
[Site "?"]
[Date "1990.??.??"]
[Round "?"]
[White "Wolkow, M."]
[Black "Moore, H."]
[Result "1-0"]
[WhiteElo "1605"]
[BlackElo "1605"]
[PlyCount "69"]
[EventDate "1990.??.??"]

{5/(3)} 1. d4 g6 2. c4 Bg7 3. Nf3 c6 4. Nc3 d6 5. e4 Qc7 6. Be2 Nf6 7. O-O O-O
8. Re1 e5 9. d5 Nbd7 10. Bg5 cxd5 11. cxd5 a6 12. Qd2 Nc5 13. Bd3 Nxd3 14. Qxd3
Qb6 15. Qd2 Bg4 16. Nh4 Rfc8 17. h3 Bd7 18. Rab1 Rc4 19. Bh6 Rac8 20. Bxg7 Kxg7
21. Re3 Nh5 22. Kh2 Qd8 23. Nf3 f5 24. b3 R4c7 25. exf5 Bxf5 26. g4 Bxb1 27.
gxh5 Be4 28. Nxe4 Rc2 29. Qb4 Rxa2 30. Kg2 Ra1 31. Nfg5 Qd7 32. Ne6+ Kh6 33.
Qd2 Kxh5 34. Rg3 Kh4 35. Qg5# 1-0

[Event "Lansing (Mini-Swiss.5/1)"]
[Site "?"]
[Date "1990.??.??"]
[Round "?"]
[White "Wolkow, M."]
[Black "Brewer, R."]
[Result "1-0"]
[WhiteElo "1605"]
[BlackElo "1605"]
[PlyCount "49"]
[EventDate "1990.??.??"]

{5/(1)} 1. d4 f5 2. Nf3 g6 3. Nc3 Bg7 4. Bg5 h6 5. Bd2 Nf6 6. e3 O-O 7. Bc4+
Kh7 8. Qe2 d5 9. Bd3 Nc6 10. a3 a6 11. O-O-O b5 12. h3 b4 13. Nb1 bxa3 14. Nxa3
Ne4 15. g4 Nxd2 16. Qxd2 fxg4 17. Nh4 Rf6 18. hxg4 Bxg4 19. Rdg1 h5 20. f3 Bf5
21. Nxf5 gxf5 22. Rxh5+ Rh6 23. Bxf5+ Kh8 24. Qg2 Qf8 25. Rg5 1-0

[Event "Flint (Class A/2)"]
[Site "?"]
[Date "1990.??.??"]
[Round "?"]
[White "Wolf, P."]
[Black "Skidmore, Mike"]
[Result "1-0"]
[WhiteElo "1935"]
[BlackElo "1910"]
[PlyCount "105"]
[EventDate "1990.??.??"]

1. c4 c6 2. d4 d5 3. cxd5 cxd5 4. Nf3 Nf6 5. Nc3 e6 6. Bg5 Be7 7. e3 O-O 8. Bd3
h6 9. Bh4 Nc6 10. O-O a6 11. Rc1 Bd7 12. Bb1 b5 13. a3 Na5 14. Qd3 g6 15. Ne5
Be8 16. h3 Nc4 17. Rc2 b4 18. axb4 Rb8 19. Nxc4 dxc4 20. Qxc4 Bxb4 21. Rfc1 a5
22. Ne4 g5 23. Nxf6+ Qxf6 24. Bg3 Bb5 25. Qc7 Bd3 26. Rc6 Bxb1 27. Rxb1 Rfc8
28. Qxc8+ Rxc8 29. Rxc8+ Kh7 30. Be5 Qe7 31. g4 h5 32. Rbc1 Bd6 33. Rh8+ Kg6
34. Rcc8 hxg4 35. hxg4 f6 36. Rcg8+ Kf7 37. Rh7+ Kxg8 38. Rxe7 Bxe7 39. Bc7 Bb4
40. b3 Kf7 41. f3 Kg6 42. Kf1 f5 43. Ke2 Kf7 44. Bd8 Kg6 45. Kd3 Be1 46. e4 Bh4
47. d5 fxe4+ 48. fxe4 exd5 49. exd5 Be1 50. Ke4 Bb4 51. Ke5 Bd2 52. Ke6 Kg7 53.
Be7 1-0

[Event "Flint (Class A/4)"]
[Site "?"]
[Date "1990.??.??"]
[Round "?"]
[White "Wolf, P."]
[Black "Garrison, Ray"]
[Result "1-0"]
[WhiteElo "1935"]
[BlackElo "1825"]
[PlyCount "95"]
[EventDate "1990.??.??"]

1. c4 f5 2. Nf3 Nf6 3. Nc3 d6 4. g3 g6 5. Bg2 Bg7 6. O-O O-O 7. d3 c6 8. Qc2
Na6 9. Bd2 e5 10. Rab1 e4 11. dxe4 fxe4 12. Ng5 Bf5 13. Ngxe4 Nxe4 14. Bxe4 Bh3
15. Bg2 Qd7 16. Rbd1 Rae8 17. Bxh3 Qxh3 18. Be3 Rf5 19. Bf4 Rh5 20. g4 Qxg4+
21. Bg3 Ree5 22. Qd3 Re6 23. Qf3 Qxf3 24. exf3 Bxc3 25. bxc3 Rf5 26. Kg2 Rff6
27. Rd2 Nc7 28. Rfd1 Ne8 29. Rb1 Rf7 30. Rbd1 Rd7 31. Bf4 Kf7 32. Be3 b6 33. c5
bxc5 34. Bxc5 Ke7 35. c4 Rb7 36. Be3 Ng7 37. Bg5+ Kd7 38. Rd3 Rb2 39. Ra3 Nf5
40. Rxa7+ Kc8 41. Rxh7 Ree2 42. Bf4 Rxf2+ 43. Kh3 Rxf3+ 44. Kg4 Rbf2 45. Rh8+
Kd7 46. Rh7+ Ke6 47. Re1+ Kf6 48. Bg5# 1-0

[Event "Lansing (Mini-Swiss.6/1)"]
[Site "?"]
[Date "1990.??.??"]
[Round "?"]
[White "Wolak, K."]
[Black "Vangilder, K."]
[Result "1-0"]
[WhiteElo "1605"]
[BlackElo "1605"]
[PlyCount "49"]
[EventDate "1990.??.??"]

{6/(1)} 1. e4 e5 2. Nf3 Nc6 3. Bc4 Nf6 4. O-O Be7 5. Nc3 O-O 6. d4 d6 7. h3 Be6
8. d5 Na5 9. dxe6 Nxc4 10. Ng5 c6 11. exf7+ Kh8 12. Ne6 Qc8 13. Nxf8 Bxf8 14.
Bg5 Be7 15. Bxf6 Bxf6 16. b3 Nb6 17. Qxd6 Qf8 18. Qe6 Qe7 19. Qxe7 Bxe7 20.
Rad1 Rf8 21. f4 Rxf7 22. fxe5 Rf8 23. Rxf8+ Bxf8 24. Rd8 Kg8 25. e6 1-0

[Event "Lansing (MI Am/5/44)"]
[Site "?"]
[Date "1990.??.??"]
[Round "?"]
[White "Wolak, K."]
[Black "Vangilder, D."]
[Result "0-1"]
[WhiteElo "1605"]
[BlackElo "1605"]
[PlyCount "114"]
[EventDate "1990.??.??"]

{5/(44)} 1. Nf3 c5 2. g3 Nc6 3. Bg2 d5 4. d3 e6 5. Bf4 Bd6 6. Bxd6 Qxd6 7. O-O
Nf6 8. Nbd2 O-O 9. Re1 Bd7 10. h3 Rae8 11. e4 e5 12. c4 d4 13. Nh2 Be6 14. b3
Qd7 15. g4 h6 16. Ndf1 Nh7 17. f3 Ne7 18. Ng3 Ng6 19. Kf2 Nf4 20. Rg1 h5 21.
Nxh5 Nxh5 22. gxh5 Bxh3 23. Ng4 Bxg4 24. fxg4 Ng5 25. Rh1 Re6 26. Qd2 Qe7 27.
Ke1 b6 28. Qf2 Qf6 29. Qxf6 Rxf6 30. Rf1 Rxf1+ 31. Kxf1 Kh7 32. Ke2 Ne6 33. Kf3
Nf4 34. Bf1 Kh6 35. Kg3 Kg5 36. a3 g6 37. hxg6 fxg6 38. b4 Rh8 39. Re1 Rh1 40.
Kf2 Rh2+ 41. Kg1 Rh4 42. Be2 Nxe2+ 43. Rxe2 Rxg4+ 44. Rg2 Rxg2+ 45. Kxg2 Kf4
46. bxc5 bxc5 47. Kf2 g5 48. a4 a5 49. Ke2 g4 50. Kf2 g3+ 51. Kg2 Kg4 52. Kg1
Kf3 53. Kh1 Ke3 54. Kg2 Kxd3 55. Kxg3 Kxe4 56. Kf2 Kd3 57. Ke1 Kxc4 0-1

[Event "Lansing (MI Am/3/40)"]
[Site "?"]
[Date "1990.??.??"]
[Round "?"]
[White "Wolak, K."]
[Black "Sujarit, P."]
[Result "0-1"]
[WhiteElo "1605"]
[BlackElo "1605"]
[PlyCount "74"]
[EventDate "1990.??.??"]

{3/(40)} 1. e4 e5 2. Nf3 Nc6 3. Bc4 Bc5 4. c3 Nf6 5. d4 exd4 6. cxd4 Bb4+ 7.
Nc3 Nxe4 8. O-O Bxc3 9. d5 Ne7 10. bxc3 O-O 11. Bd3 Nf6 12. c4 d6 13. Qc2 h6
14. Bb2 c5 15. Bxf6 gxf6 16. Rfe1 Kg7 17. Qe2 Ng6 18. Bxg6 fxg6 19. Qe7+ Qxe7
20. Rxe7+ Rf7 21. Re8 b6 22. Rae1 Bb7 23. R8e7 Ba6 24. Nd2 b5 25. Re8 Rxe8 26.
Rxe8 bxc4 27. Rd8 c3 28. Nb3 Bc4 29. Nc1 Re7 30. f3 Re1+ 31. Kf2 Rxc1 32. Rxd6
Rc2+ 33. Kg3 Rd2 34. Rd7+ Kf8 35. d6 c2 36. Rd8+ Kf7 37. Rd7+ Ke6 0-1

[Event "Lansing (Mini-Swiss.6/3)"]
[Site "?"]
[Date "1990.??.??"]
[Round "?"]
[White "Wolak, K."]
[Black "Hamilton, S."]
[Result "0-1"]
[WhiteElo "1605"]
[BlackElo "1740"]
[PlyCount "74"]
[EventDate "1990.??.??"]

{6/(3)} 1. e4 c5 2. d4 cxd4 3. c3 dxc3 4. Nxc3 Nc6 5. Bc4 g6 6. Be3 Bg7 7. Qd2
Nf6 8. h3 O-O 9. Nge2 e6 10. Rd1 a6 11. a4 Ne8 12. g4 Ne5 13. Kf1 Nxc4 14. Qc1
Nxe3+ 15. Qxe3 b6 16. e5 Bb7 17. f3 Qc7 18. Kg2 Rd8 19. Rhe1 Bxe5 20. Nd4 Bf4
21. Qf2 d5 22. Rc1 Qe7 23. Rc2 Nd6 24. Nce2 Bg5 25. Ng3 Rc8 26. Rxc8 Rxc8 27.
Nde2 Rc2 28. Qxb6 Nc4 29. Qa7 Qc7 30. b3 Be3 31. bxc4 Bxa7 32. cxd5 Bxd5 33. h4
Kf8 34. Kf1 Qc4 35. Ne4 Bxe4 36. fxe4 Qxe4 37. g5 Qf3# 0-1

[Event "Lansing (Apr)"]
[Site "?"]
[Date "1990.??.??"]
[Round "?"]
[White "Wolak, K."]
[Black "Bates, E."]
[Result "1-0"]
[WhiteElo "1605"]
[BlackElo "1605"]
[PlyCount "59"]
[EventDate "1990.??.??"]

1. e4 e5 2. Nf3 Nc6 3. Bc4 Bc5 4. c3 Nf6 5. d4 exd4 6. cxd4 Bb4+ 7. Nc3 Nxe4 8.
O-O Bxc3 9. d5 Na5 10. bxc3 Nxc3 11. Qe1+ Kf8 12. Qxc3 c6 13. Ba3+ d6 14. Bb2
f6 15. Ng5 Qd7 16. Ne6+ Kg8 17. dxc6 bxc6 18. Nc5+ Nxc4 19. Nxd7 Bxd7 20. Qxc4+
d5 21. Qc5 h5 22. Rfe1 Kh7 23. Qc2+ Kg8 24. Bxf6 gxf6 25. Qg6+ Kf8 26. Qxf6+
Kg8 27. Re7 Rh7 28. Qg6+ Kf8 29. Qxh7 Be6 30. Qg7# 1-0

[Event "Lansing (Mini-Swiss.2/1)"]
[Site "?"]
[Date "1990.??.??"]
[Round "?"]
[White "Wisckol, Richard"]
[Black "Vangilder, D."]
[Result "1-0"]
[WhiteElo "1690"]
[BlackElo "1605"]
[PlyCount "89"]
[EventDate "1990.??.??"]

{2/(1)} 1. c4 e5 2. Nc3 Nf6 3. g3 Nc6 4. Bg2 Bc5 5. e3 O-O 6. Nge2 d6 7. Na4
Rb8 8. Nxc5 dxc5 9. O-O Nb4 10. d4 exd4 11. exd4 cxd4 12. Qb3 d3 13. Qxb4 dxe2
14. Re1 b6 15. Rxe2 Bb7 16. Bxb7 Rxb7 17. Bg5 c5 18. Qa4 Rd7 19. Rae1 Qc8 20.
Re7 Rxe7 21. Rxe7 h6 22. Bxf6 gxf6 23. Qxa7 Qc6 24. Qd7 Qxd7 25. Rxd7 Rb8 26.
a4 Kg7 27. Kg2 Kf8 28. Kf3 Ke8 29. Rc7 Kf8 30. Ke4 Re8+ 31. Kd5 Re5+ 32. Kc6
Re6+ 33. Kb5 Re2 34. Kxb6 Rxb2+ 35. Kxc5 Rxf2 36. a5 Rf5+ 37. Kb6 Rf2 38. a6
Rb2+ 39. Kc6 Rb8 40. a7 Ra8 41. Kb7 Rxa7+ 42. Kxa7 f5 43. Rd7 Ke8 44. Rd5 f4
45. gxf4 1-0

[Event "Lansing (Mini-Swiss.3/3)"]
[Site "?"]
[Date "1990.??.??"]
[Round "?"]
[White "Wisckol, Richard"]
[Black "Sobocinski, Mike"]
[Result "1-0"]
[WhiteElo "1700"]
[BlackElo "1780"]
[PlyCount "113"]
[EventDate "1990.??.??"]

{3/(3)} 1. c4 e5 2. Nc3 Nf6 3. g3 Be7 4. Bg2 c6 5. Nf3 e4 6. Ng5 d5 7. cxd5
cxd5 8. O-O h6 9. Nh3 O-O 10. d3 e3 11. fxe3 d4 12. exd4 Qxd4+ 13. e3 Qb6 14.
Nf2 Bf5 15. Kh1 Nbd7 16. Qe2 Rae8 17. e4 Bg6 18. Be3 Qa6 19. d4 Qxe2 20. Nxe2
Bb4 21. e5 Nxe5 22. dxe5 Rxe5 23. Bxa7 Rxe2 24. a3 Bd6 25. Bd4 Rc8 26. Rac1
Rxc1 27. Rxc1 Ne4 28. Nxe4 Bxe4 29. Bxe4 Rxe4 30. Bc3 Re2 31. Rd1 Be5 32. Bxe5
Rxe5 33. Rd2 Kf8 34. Kg2 Rb5 35. Kf3 Rb3+ 36. Ke4 Ke7 37. Kd5 Rb6 38. Kc5 Rc6+
39. Kd4 Rd6+ 40. Ke3 Rxd2 41. Kxd2 Ke6 42. Ke3 f5 43. b3 g5 44. a4 Kd5 45. Kd3
h5 46. h4 gxh4 47. gxh4 b6 48. Ke3 Ke5 49. b4 Kd5 50. a5 Kc6 51. Kf4 Kb5 52.
Kxf5 bxa5 53. bxa5 Kxa5 54. Kg5 Kb5 55. Kxh5 Kc6 56. Kg6 Kd7 57. Kf7 1-0

[Event "Lansing (Feb)"]
[Site "?"]
[Date "1990.??.??"]
[Round "?"]
[White "Wisckol, Richard"]
[Black "Sobocinski, Mike"]
[Result "1-0"]
[WhiteElo "1710"]
[BlackElo "1690"]
[PlyCount "143"]
[EventDate "1990.??.??"]

1. c4 Nf6 2. Nc3 e5 3. e4 Bb4 4. d3 O-O 5. g3 d5 6. cxd5 c6 7. Bd2 cxd5 8. Bg2
d4 9. Nb5 Qa5 10. Nd6 Bxd2+ 11. Qxd2 Qxd2+ 12. Kxd2 Nc6 13. Ne2 Rd8 14. Nxc8
Raxc8 15. Rhc1 Ng4 16. Bh3 f5 17. exf5 Nf6 18. Bg2 Rd7 19. Rc5 Rdc7 20. Rac1
Nd7 21. R5c2 Rf8 22. f4 Rcc8 23. Bd5+ Kh8 24. Be6 Rcd8 25. a3 exf4 26. Bxd7
Rxd7 27. Nxf4 Re7 28. Re1 Ne5 29. Kd1 g5 30. Ne6 Nf3 31. Ree2 Rfe8 32. g4 h6
33. Rc7 Rxc7 34. Nxc7 Rxe2 35. Kxe2 Ne5 36. h3 Kg8 37. Nb5 Nc6 38. Kf3 a6 39.
Nd6 Kf8 40. Nxb7 Ke7 41. Nc5 a5 42. Ke4 Kd6 43. Nb3 a4 44. Nxd4 Nd8 45. Nb5+
Ke7 46. Nc3 Nf7 47. Nxa4 Kf6 48. b4 Nd6+ 49. Ke3 Nb5 50. Nc5 Nxa3 51. Kd2 Nb5
52. Ke3 Ke5 53. Nd7+ Kd6 54. Nf6 Nc7 55. Ng8 Nd5+ 56. Ke4 Nxb4 57. Nxh6 Ke7 58.
d4 Kf6 59. d5 Kg7 60. d6 Kxh6 61. d7 Nc6 62. Kd5 Nd8 63. Kd6 Kg7 64. Ke7 Nc6+
65. Ke8 Kf6 66. d8=Q+ Nxd8 67. Kxd8 Kf7 68. Kd7 Kf6 69. Kd6 Kf7 70. Ke5 Ke7 71.
f6+ Kf8 72. Kf5 1-0

[Event "Lansing (Mini-Swiss.2/3)"]
[Site "?"]
[Date "1990.??.??"]
[Round "?"]
[White "Wisckol, Richard"]
[Black "Saulmon, Scott"]
[Result "1-0"]
[WhiteElo "1690"]
[BlackElo "1660"]
[PlyCount "85"]
[EventDate "1990.??.??"]

{2/(3)} 1. c4 Nf6 2. Nc3 g6 3. e4 d6 4. d4 Bg7 5. Nf3 O-O 6. Bg5 h6 7. Bh4 c5
8. d5 Bg4 9. h3 Bd7 10. Be2 Qc8 11. Nd2 Re8 12. Qc2 Na6 13. a3 Nc7 14. O-O e6
15. Rab1 exd5 16. cxd5 b5 17. Bf3 a6 18. Bg3 Bf8 19. Rfe1 Rb8 20. Rbc1 b4 21.
axb4 cxb4 22. Ne2 Nb5 23. Qd3 Qb7 24. Nd4 Rbc8 25. Nc4 Nxd4 26. Qxd4 Nh7 27.
Bxd6 Rxc4 28. Rxc4 Bxd6 29. e5 Qb8 30. e6 fxe6 31. dxe6 Bxe6 32. Rc6 Rd8 33.
Qe3 Ng5 34. Kf1 Nxf3 35. Qxe6+ Kg7 36. gxf3 Qb5+ 37. Rc4 Rf8 38. b3 Bb8 39. Qc6
Qh5 40. Re7+ Kh8 41. Qd7 Be5 42. Rc8 Qxf3 43. Rxf8+ 1-0

[Event "Lansing (Mini-Swiss.3/1)"]
[Site "?"]
[Date "1990.??.??"]
[Round "?"]
[White "Wisckol, Richard"]
[Black "Hummel, G."]
[Result "1-0"]
[WhiteElo "1700"]
[BlackElo "1605"]
[PlyCount "91"]
[EventDate "1990.??.??"]

{3/(1)} 1. c4 Nf6 2. Nc3 e6 3. d4 c5 4. d5 a6 5. e4 d6 6. Nf3 Be7 7. Be2 O-O 8.
Qc2 Re8 9. O-O exd5 10. exd5 Bg4 11. h3 Bh5 12. Bf4 Qd7 13. Rfe1 Bxf3 14. Bxf3
b5 15. b3 Qb7 16. Ne4 Nbd7 17. Nxd6 Bxd6 18. Bxd6 Qb6 19. Bg3 Nf8 20. Qd2 Ng6
21. Rxe8+ Rxe8 22. Re1 Rd8 23. Qc3 Qa7 24. Be5 b4 25. Qa1 Ne8 26. Qc1 a5 27.
Bh5 Nxe5 28. Rxe5 Nf6 29. Qe3 Qb6 30. Bg4 Qd6 31. Be2 h6 32. g4 Nd7 33. Re8+
Nf8 34. Rxd8 Qxd8 35. Qxc5 Nd7 36. Qe3 Kh7 37. Bd3+ g6 38. d6 Nf6 39. Qe7 Qxe7
40. dxe7 Kg7 41. c5 Ne8 42. Bb5 Nc7 43. e8=Q Nxe8 44. Bxe8 Kf8 45. Bd7 Ke7 46.
c6 1-0

[Event "Lansing (Feb)"]
[Site "?"]
[Date "1990.??.??"]
[Round "?"]
[White "Winslow, D."]
[Black "Vandenburg, V.E."]
[Result "1-0"]
[WhiteElo "1645"]
[BlackElo "1625"]
[PlyCount "59"]
[EventDate "1990.??.??"]

1. d4 e6 2. e4 a6 3. c4 b5 4. cxb5 axb5 5. Bxb5 Bb7 6. f3 Nf6 7. Nc3 c5 8. Nge2
Nc6 9. Be3 cxd4 10. Nxd4 Qc7 11. O-O Be7 12. a3 O-O 13. Rc1 Rac8 14. Qa4 Bc5
15. Nce2 d5 16. Rxc5 dxe4 17. fxe4 Nxe4 18. Nxc6 Nxc5 19. Bxc5 Bxc6 20. Bxf8
Qb6+ 21. Nd4 Rxf8 22. Kh1 Bd5 23. Nc6 Qb7 24. Qa6 Qc7 25. Qa7 Qxa7 26. Nxa7 Rb8
27. Rc1 g6 28. Rc8+ Rxc8 29. Nxc8 Kg7 30. a4 1-0